Organizational behavior and management/ (Record no. 14639)

000 -LEADER
fixed length control field 00645nam a22001937a 4500
008 - FIXED-LENGTH DATA ELEMENTS--GENERAL INFORMATION
fixed length control field 161006b xxu||||| |||| 00| 0 eng d
020 ## - INTERNATIONAL STANDARD BOOK NUMBER
International Standard Book Number 9781259060595
050 ## - LIBRARY OF CONGRESS CALL NUMBER
Classification number HD 58.1 .I93 2014
100 ## - MAIN ENTRY--PERSONAL NAME
Personal name Ivancevich John M.
245 ## - TITLE STATEMENT
Title Organizational behavior and management/
Statement of responsibility, etc. John M. Ivancevich ,Robert Konopaske and Michael T. Matteson
250 ## - EDITION STATEMENT
Edition statement 10th ed.
260 ## - PUBLICATION, DISTRIBUTION, ETC. (IMPRINT)
Place of publication, distribution, etc. Boston :
Name of publisher, distributor, etc. McGrawHill ,
Date of publication, distribution, etc. c2014
300 ## - PHYSICAL DESCRIPTION
Extent xix, 650p. :
Other physical details ill. ;
500 ## - GENERAL NOTE
General note Includes index.
650 ## - SUBJECT ADDED ENTRY--TOPICAL TERM
Topical term or geographic name as entry element Organizational behavior
700 ## - ADDED ENTRY--PERSONAL NAME
Personal name Konopaske, Robert
700 ## - ADDED ENTRY--PERSONAL NAME
Personal name Matteson ,Michael T.
942 ## - ADDED ENTRY ELEMENTS (KOHA)
Source of classification or shelving scheme
Koha item type Hard Covered Materials
Classification part HD 58.1 .I93 2014
Koha issues (borrowed), all copies 3
Holdings
Withdrawn status Lost status Source of classification or shelving scheme Damaged status Not for loan Home library Current library Shelving location Date acquired Source of acquisition Cost, normal purchase price Total Checkouts Full call number Barcode Date last seen Date last checked out Price effective from Koha item type
          MACHAKOS UNIVERSITY LIBRARY MACHAKOS UNIVERSITY LIBRARY Open shelf 06/10/2016 Donation(Rattansi) 4758.62 1 HD 58.1 .I93 2014 26772 21/04/2017 18/04/2017 06/10/2016 Hard Covered Materials
          MACHAKOS UNIVERSITY LIBRARY MACHAKOS UNIVERSITY LIBRARY Open shelf 06/10/2016 Donation(Rattansi) 4758.62 2 HD 58.1 .I93 2014 26773 20/11/2019 05/11/2019 06/10/2016 Hard Covered Materials
          MACHAKOS UNIVERSITY LIBRARY MACHAKOS UNIVERSITY LIBRARY Open shelf 06/10/2016 Donation(Rattansi) 4758.62 3 HD 58.1 .I93 2014 26774 05/05/2025 14/03/2025 06/10/2016 Hard Covered Materials
          MACHAKOS UNIVERSITY LIBRARY MACHAKOS UNIVERSITY LIBRARY Open shelf 06/10/2016 Donation(Rattansi) 4758.62 2 HD 58.1 .I93 2014 26819 20/06/2026 13/06/2026 06/10/2016 Hard Covered Materials
© Machakos University Library, Along The Highway, Machakos Wote Rd, Machakos, Kenya P.O. Box 136 - 90100 Machakos - Kenya

Tel: ( +254 ) 723 805829 OR Fax : 044-20353 OR Email: library@mksu.ac.ke